000 00934cab a2200241 4500
001 ABS57861
008 090401t1997 xxu||||| |||| 00| 0 eng d
035 _a(Sirsi) u82254
041 _aeng
100 _aBingham, T.
245 _aCause for thought
260 _c1997
350 _a0
490 _aBuilding
_v262(45) 14 November 1997, 41(1)
520 _aA clear examination of the recent case of "Skandia Property (UK) and Vala Properties BV v Thames Water Utilities" showing how building disputes can become dangerous, in this case the consequences of a burst water main and flooded basements.
650 _aBUILDING DISPUTES
650 _aFLOOD DAMAGE
650 _aLIABILITY
650 _aSKANDIA PROPERTY (UK) AND VALA PROPERTIES BV V THAMES WATER UTILITIES
690 _aMANAGEMENT-DISPUTE AVOIDANCE, MANAGEMENT AND RESOLUTION-DISPUTE MANAGEMENT AND RESOLUTION-ARBITRATION
942 _n0
948 _c20/11/1997
999 _c51903
_d51903